Online katalóg knižníc regiónu Turca

Vo víre kvetov (Record no. 22466)

MARC details
000 -LEADER
fixed length control field 01170cam a2200373 a 4500
001 - CONTROL NUMBER
control field 22466
003 - CONTROL NUMBER IDENTIFIER
control field SK-KTurca
005 - DATE AND TIME OF LATEST TRANSACTION
control field 20260328130716.0
008 - FIXED-LENGTH DATA ELEMENTS--GENERAL INFORMATION
fixed length control field 240606s1994 xo gr 0000f slo
015 ## - NATIONAL BIBLIOGRAPHY NUMBER
National bibliography number SNBA1994/06
020 ## - INTERNATIONAL STANDARD BOOK NUMBER
International Standard Book Number 8071180831
035 ## - SYSTEM CONTROL NUMBER
System control number SNK000018149
040 ## - CATALOGING SOURCE
Original cataloging agency SNK
Language of cataloging slo
Transcribing agency SNK
Description conventions AACR2
041 1# - LANGUAGE CODE
Language code of text/sound track or separate title slo
Language code of original fre
044 ## - COUNTRY OF PUBLISHING/PRODUCING ENTITY CODE
MARC country code xo
ISO country code SK
072 #7 - SUBJECT CATEGORY CODE
Subject category code 821.133.1-3
Subject category code subdivision Francúzska próza, francúzsky písaná
Source konspekt
080 ## - UNIVERSAL DECIMAL CLASSIFICATION NUMBER
Universal Decimal Classification number 840-3
Edition identifier 1981
080 ## - UNIVERSAL DECIMAL CLASSIFICATION NUMBER
Universal Decimal Classification number 821.133.1-31
Edition identifier 2011
080 ## - UNIVERSAL DECIMAL CLASSIFICATION NUMBER
Universal Decimal Classification number (0:82-312.5)
Edition identifier 2011
100 1# - MAIN ENTRY--PERSONAL NAME
Personal name Montupet, Janine,
Dates associated with a name 1919-2012
Relationship aut
240 10 - UNIFORM TITLE
Uniform title Dans un grand vent de fleurs
Language of a work Slovensky
245 10 - TITLE STATEMENT
Title Vo víre kvetov
Statement of responsibility, etc. Janine Montupet ; preklad Zora Abaffyová
260 ## - PUBLICATION, DISTRIBUTION, ETC.
Place of publication, distribution, etc. Bratislava
Name of publisher, distributor, etc. Ikar
Date of publication, distribution, etc. 1994
Place of manufacture Bratislava
Manufacturer Svornosť
300 ## - PHYSICAL DESCRIPTION
Extent 231 s.
Dimensions 20 cm
500 ## - GENERAL NOTE
General note Preložené z francúzštiny
655 #7 - INDEX TERM--GENRE/FORM
Genre/form data or focus term francúzke romány
Source of term SNKPH
655 #7 - INDEX TERM--GENRE/FORM
Genre/form data or focus term ľúbostné romány
Source of term SNKPH
700 1# - ADDED ENTRY--PERSONAL NAME
Personal name Abaffyová, Zora
Relationship trl
700 1# - ADDED ENTRY--PERSONAL NAME
Personal name Hrabušická, Renáta
Relationship ill
700 1# - ADDED ENTRY--PERSONAL NAME
Personal name Fabianová, Viera
Relationship bjd
942 ## - ADDED ENTRY ELEMENTS (KOHA)
Source of classification or shelving scheme Dewey Decimal Classification
Koha item type Krásna literatúra pre dospelých
Suppress in OPAC No
Holdings
Stav vyradenia Strata Poškodenie Spôsob nadobudnutia Domovská knižnica Aktuálna knižnica Dátum nadobudnutia Total checkouts Čiarový kód exemplára Date last seen Typ exemplára
      Dar Obecná knižnica Horná Štubňa Obecná knižnica Horná Štubňa 28.03.2026   4736202033 28.03.2026 Krásna literatúra pre dospelých
Projekt je podporený Slovenskou asociáciou knižníc
Prevádzkuje Turčianska knižnica Martin 2026